К вопросу о предельном значении плотности тока автоэлектронной эмиссии из металлов; Физика экстремальных состояний вещества - 2004

Detaylı Bibliyografya
Parent link:Физика экстремальных состояний вещества - 2004.— 2004.— С. 182-184
Yazar: Месяц Г. А. Геннадий Андреевич
Diğer Yazarlar: Уйманов И. В.
Özet:В фонде НТБ ТПУ отсутствует
Dil:Rusça
Baskı/Yayın Bilgisi: 2004
Konular:
Materyal Türü: MixedMaterials Kitap Bölümü
KOHA link:https://koha.lib.tpu.ru/cgi-bin/koha/opac-detail.pl?biblionumber=596776

MARC

LEADER 00000naa0a2200000 4500
001 596776
005 20250123090558.0
035 |a (RuTPU)RU\TPU\tpu\19805 
090 |a 596776 
100 |a 20110824d2004 k||y0rusy50 ca 
101 0 |a rus 
102 |a RU 
200 1 |a К вопросу о предельном значении плотности тока автоэлектронной эмиссии из металлов  |f Г. А. Месяц, И. В. Уйманов 
333 |a В фонде НТБ ТПУ отсутствует 
463 |t Физика экстремальных состояний вещества - 2004  |o сборник  |v С. 182-184  |d 2004 
610 1 |a труды учёных ТПУ 
700 1 |a Месяц  |b Г. А.  |c российский физик  |c академик, вице-президент РАН  |c выпускник Томского политехнического института  |f 1936-  |g Геннадий Андреевич  |3 (RuTPU)RU\TPU\pers\17099 
701 1 |a Уйманов  |b И. В. 
801 1 |a RU  |b 63413507  |c 20110824 
801 2 |a RU  |b 63413507  |c 20110824  |g RCR 
942 |c CR